Vállalkozói képességek, sikerek, sikerkritériumok a digitális tartalomgyártóknál
| Main Author: | |
|---|---|
| Other Authors: | |
| Format: | Thesis |
| Kulcsszavak: | digitális tartalomgyártó influenszer siker sikerkritérium vállalkozói képességek |
| Online Access: | http://dolgozattar.uni-bge.hu/60339 |
MARC
| LEADER | 00000nta a2200000 i 4500 | ||
|---|---|---|---|
| 001 | dolg60339 | ||
| 005 | 20260409150445.0 | ||
| 008 | 260409suuuu hu om 000 hun d | ||
| 040 | |a BGE Dolgozattár Repozitórium |b hun | ||
| 041 | |a hu | ||
| 100 | 1 | |a Ambrózi Álmos Manó | |
| 245 | 1 | 0 | |a Vállalkozói képességek, sikerek, sikerkritériumok a digitális tartalomgyártóknál |c Ambrózi Álmos Manó |h [elektronikus dokumentum] |
| 520 | 3 | |a A szakdolgozat célja a digitális tartalomgyártók sikerességét befolyásoló tényezők feltárása. A kérdőív és az interjúk alapján a tartalomgyártók többsége mellékjövedelemként végzi tevékenységét, ugyanakkor hosszú távú célként megjelenik a professzionális vállalkozássá válás. Az eredmények szerint a hitelesség, a közösség elkötelezettsége, az alkalmazkodóképesség és az üzleti tudatosság meghatározó kompetenciák. A dolgozat kiemeli a szektor bizonytalanságait és fejlődési lehetőségeit, továbbá javaslatokat fogalmaz meg a siker fenntartható eléréséhez. | |
| 695 | |a digitális tartalomgyártó | ||
| 695 | |a influenszer | ||
| 695 | |a siker | ||
| 695 | |a sikerkritérium | ||
| 695 | |a vállalkozói képességek | ||
| 700 | 1 | |a Pecze Dr. Krisztina |e ths | |
| 856 | 4 | 0 | |u http://dolgozattar.uni-bge.hu/60339/1/Ambr%C3%B3zi%20%C3%81lmos%20Man%C3%B3.pdf |z Dokumentum-elérés |
| 856 | 4 | 0 | |u http://dolgozattar.uni-bge.hu/60339/2/Interj%C3%BA%20%C3%A1tiratok.pdf |z Dokumentum-elérés |
| 856 | 4 | 0 | |u http://dolgozattar.uni-bge.hu/60339/3/Ambr%C3%B3zi%20%C3%81lmos%20Man%C3%B3%20.pdf |z Dokumentum-elérés |